Návrh opatrení na zlepšenie procesu výroby interiérového bočného dverového obkladu
Salvato in:
| Autore principale: | |
|---|---|
| Altri autori: | |
| Natura: | Manoscritto Libro |
| Lingua: | slovacco |
| Pubblicazione: |
2024
|
| Soggetti: | |
| Accesso online: | http://is.stuba.sk/zp/portal_zp.pl?podrobnosti=172204 |
| Tags: |
Nessun Tag, puoi essere il primo ad aggiungerne!!
|
MARC
| LEADER | 00000ntm a22000003a 4500 | ||
|---|---|---|---|
| 001 | stuzp97868 | ||
| 003 | SK-STU | ||
| 005 | 20240629211552.6 | ||
| 007 | ta | ||
| 008 | 150427s2015----xo-----f-mn---000-0-slo-d | ||
| 040 | |a STU |b slo | ||
| 041 | 0 | |a slo | |
| 100 | 1 | |a Jurkovičová, Ingrid |u 064000 |4 aut |U MTF Materiálovotechnologická fakulta |T MTF Ústav priemyselného inžinierstva a manažmentu |X 117537 |U M4000 |Y 84 |7 117537 | |
| 242 | 0 | 1 | |a Proposal of measures to improve the production process of interior side panels |y eng |
| 245 | 1 | 0 | |a Návrh opatrení na zlepšenie procesu výroby interiérového bočného dverového obkladu |
| 260 | |c 2024 | ||
| 650 | 4 | |a manažérstvo kvality |2 slo | |
| 650 | 4 | |a identifikácia vzniknutého problému |2 slo | |
| 650 | 4 | |a nápravné opatrenia |2 slo | |
| 650 | 4 | |a overenie účinnosti nápravných opatrení |2 slo | |
| 650 | 4 | |a quality management |2 eng | |
| 650 | 4 | |a identification of the emerging problem |2 eng | |
| 650 | 4 | |a corrective measures |2 eng | |
| 650 | 4 | |a verification of the effectiveness of corrective measures |2 eng | |
| 700 | 1 | |a Mĺkva, Miroslava |u 064000 |k Z1 |4 ths |U MTF Materiálovotechnologická fakulta |T MTF Ústav priemyselného inžinierstva a manažmentu |X 4176 |U M4000 |Y 84 |7 A000004176 | |
| 856 | 4 | |u http://is.stuba.sk/zp/portal_zp.pl?podrobnosti=172204 | |
| 996 | |c M* BP-9771 |l MMSKP |s P |a 0 |w stuzp97868_0001 | ||